Исследование процесса получения KBrF4 методом фторирования бромида калия; Ядерная энергетика: технология, безопасность, экология, экономика, управление

Opis bibliograficzny
Parent link:Ядерная энергетика: технология, безопасность, экология, экономика, управление.— 2010.— [С. 52]
1. autor: Матыскин А. В.
Kolejni autorzy: Колмаков А. Ю.
Streszczenie:Заглавие с экрана.
Электронная версия печатной публикации
Język:rosyjski
Wydane: 2010
Hasła przedmiotowe:
Dostęp online:http://www.lib.tpu.ru/fulltext/v/Conferences/2010/K03/03021.pdf
Format: MixedMaterials Elektroniczne Rozdział
KOHA link:https://koha.lib.tpu.ru/cgi-bin/koha/opac-detail.pl?biblionumber=206859

MARC

LEADER 00000naa2a2200000 4500
001 206859
005 20260203134854.0
035 |a (RuTPU)RU\TPU\book\225559 
035 |a RU\TPU\book\225557 
090 |a 206859 
100 |a 20120117d2010 k y0rusy50 ca 
101 0 |a rus 
102 |a RU 
135 |a drnn ---uucaa 
181 0 |a i  
182 0 |a b 
200 1 |a Исследование процесса получения KBrF4 методом фторирования бромида калия  |f А. В. Матыскин, А. Ю. Колмаков 
203 |a Текст  |c электронный 
215 |a 1 файл (461 Кб) 
300 |a Заглавие с экрана. 
300 |a Электронная версия печатной публикации 
337 |a Adobe Reader 
463 1 |0 (RuTPU)RU\TPU\book\224752  |t Ядерная энергетика: технология, безопасность, экология, экономика, управление  |o сборник научных трудов I Всероссийской научно-практической конференции молодых атомщиков Сибири, Томск, 19-25 сентября 2010 г.  |f Национальный исследовательский Томский политехнический университет (ТПУ)  |v [С. 52]  |d 2010 
610 1 |a бромид калия 
610 1 |a фторирование 
610 1 |a исследование 
610 1 |a редкие элементы 
610 1 |a технологии 
610 1 |a электронный ресурс 
610 1 |a труды учёных ТПУ 
700 1 |a Матыскин  |b А. В. 
701 1 |a Колмаков  |b А. Ю. 
801 1 |a RU  |b 63413507  |c 20120113 
801 2 |a RU  |b 63413507  |c 20120424  |g RCR 
856 4 |u http://www.lib.tpu.ru/fulltext/v/Conferences/2010/K03/03021.pdf 
942 |c CF